000 00383nam a22001337a 4500
020 _qHB.
040 _cFIZZA ISHAQ
082 _a973.04960
_bLAW
100 _aLEVINE,W.LAWRENCE.
_9132512
245 _aTHE UNPREDICTABLE PAST EXPLORATIONS IN AMERICAN CULTURAL HISTORY/
_cLAWRENCE W.LEVINE.
260 _aNEW YORK;
_bOXFORD,
_c1993.
300 _a372 P. ;
_c9.9X6.2IN
942 _2ddc
_cBK
999 _c615648
_d615648